000 00306nam a2200121Ia 4500
008 190216s9999||||xx |||||||||||||| ||und||
100 _aNull
245 0 _aManegement Concepts And Business Ethics
260 _bCalicut University Central Co-Operative
300 _a218
650 _aB.B.A
942 _cBK
999 _c8213
_d8213